000
00321nam a2200157Ia 4500
100
_a
Riordan/Rebecca M
650
_a
AJAX
942
_c
BK
366
_f
20
245
_a
Head first Ajax
260
_b
Shroff Publishers
_c
2010
082
_a
5.133
_b
RIO
300
_a
497
546
_a
ENGLISH
_c
Computers
999
_c
18148
_d
18148